000
00310nam a2200133Ia 4500
008
231129s1994||||xx |||||||||||||| ||spa||
040
_b
spa
082
_a
658.404 M313g
100
_a
Marcano Armando
245
0
_a
Gerencia de proyectos industriales
260
_c
1994
264
_a
Secab
942
_2
ddc
_c
BKS
999
_c
14458
_d
14458